000 00469nam a22001697a 4500
005 20251108165936.0
008 250721s1985 xx 000 0 ara d
082 1 4 _aق/عبد
100 1 _aمحمد، عبد المقصود
245 1 0 _aالطيور لن تعود /
264 1 _aالقاهرة :
_bدار الهلال،
_c1985.
300 _a183ص
490 0 _aروايات الهلال ؛ 438
650 1 7 _aالرواية
942 _2ddc
_cBK
999 _c35432
_d35432